Decision Support and Business Intelligence Systems. (Record no. 16768)
[ view plain ]
| 000 -LEADER | |
|---|---|
| fixed length control field | 01172pam a2200337 a 4500 |
| 001 - CONTROL NUMBER | |
| control field | 015473097 |
| 003 - CONTROL NUMBER IDENTIFIER | |
| control field | Uk |
| 005 - DATE AND TIME OF LATEST TRANSACTION | |
| control field | 20161123181305.0 |
| 008 - FIXED-LENGTH DATA ELEMENTS--GENERAL INFORMATION | |
| fixed length control field | 100125s2011 njua b 001 0 eng d |
| 015 ## - NATIONAL BIBLIOGRAPHY NUMBER | |
| National bibliography number | GBB008777 |
| Source | bnb |
| 020 ## - INTERNATIONAL STANDARD BOOK NUMBER | |
| International Standard Book Number | 9780132453233 (pbk.) : |
| Terms of availability | £104.99 |
| 020 ## - INTERNATIONAL STANDARD BOOK NUMBER | |
| International Standard Book Number | 0132453231 (pbk.) : |
| Terms of availability | £104.99 |
| 035 ## - SYSTEM CONTROL NUMBER | |
| System control number | (IeDuTC)b140736475 |
| 040 ## - CATALOGING SOURCE | |
| Original cataloging agency | StDuBDS |
| Language of cataloging | eng |
| Transcribing agency | StDuBDS |
| Modifying agency | IeDuTC |
| -- | Uk |
| 042 ## - AUTHENTICATION CODE | |
| Authentication code | ukscp |
| 082 04 - DEWEY DECIMAL CLASSIFICATION NUMBER | |
| Classification number | 025.04 |
| Edition number | 22 |
| Item number | TUR |
| 100 1# - MAIN ENTRY--PERSONAL NAME | |
| Personal name | Turban, Efraim. |
| 9 (RLIN) | 30121 |
| 245 10 - TITLE STATEMENT | |
| Title | Decision Support and Business Intelligence Systems. |
| 250 ## - EDITION STATEMENT | |
| Edition statement | 9th ed. / |
| Remainder of edition statement | Efraim Turban, Ramesh Sharda, Dursun Delen. |
| 260 ## - PUBLICATION, DISTRIBUTION, ETC. (IMPRINT) | |
| Place of publication, distribution, etc | Upper Saddle River, N.J. : |
| Name of publisher, distributor, etc | Prentice Hall ; |
| Place of publication, distribution, etc | [London : |
| Name of publisher, distributor, etc | Pearson Education, distributor], |
| Date of publication, distribution, etc | c2011. |
| 300 ## - PHYSICAL DESCRIPTION | |
| Extent | xxii, 696 p. : |
| Other physical details | ill. ; |
| Dimensions | 26 cm. |
| 500 ## - GENERAL NOTE | |
| General note | International ed. |
| 504 ## - BIBLIOGRAPHY, ETC. NOTE | |
| Bibliography, etc | Includes bibliographical references and index. |
| 650 #0 - SUBJECT ADDED ENTRY--TOPICAL TERM | |
| Topical term or geographic name as entry element | Decision support systems. |
| 9 (RLIN) | 30122 |
| 650 #0 - SUBJECT ADDED ENTRY--TOPICAL TERM | |
| Topical term or geographic name as entry element | Expert systems (Computer science) |
| 9 (RLIN) | 30123 |
| 653 ## - INDEX TERM--UNCONTROLLED | |
| Resource For college | |
| Arrived date list | June2012 |
| 650 #0 - SUBJECT ADDED ENTRY--TOPICAL TERM | |
| 9 (RLIN) | 30124 |
| Topical term or geographic name as entry element | Business intelligence |
| General subdivision | Data processing |
| 700 1# - ADDED ENTRY--PERSONAL NAME | |
| Personal name | Sharda, Ramesh. |
| 9 (RLIN) | 30125 |
| 700 1# - ADDED ENTRY--PERSONAL NAME | |
| Personal name | Delen, Dursun. |
| 9 (RLIN) | 30126 |
| 942 ## - ADDED ENTRY ELEMENTS (KOHA) | |
| Source of classification or shelving scheme | Dewey Decimal Classification |
| Item type | Book - Borrowing |
| Withdrawn status | Item status | Source of classification or shelving scheme | Damaged status | Not for loan | Vendor | Home library | Current library | Shelving location | Date acquired | Source of acquisition | Total Checkouts | Full call number | Barcode | Date last seen | Koha item type | Total Renewals | Date last borrowed |
|---|---|---|---|---|---|---|---|---|---|---|---|---|---|---|---|---|---|
| Dewey Decimal Classification | Baccah | Central Library | Central Library | Lower Floor | 13/06/2012 | 025.04 TUR | 000026828 | 15/07/2025 | Book - Borrowing | ||||||||
| Dewey Decimal Classification | Baccah | Central Library | Central Library | Lower Floor | 13/06/2012 | 2 | 025.04 TUR | 000026829 | 15/07/2025 | Book - Borrowing | 1 | 05/05/2016 | |||||
| Dewey Decimal Classification | Baccah | Central Library | Central Library | Lower Floor | 13/06/2012 | 025.04 TUR | 000026830 | 15/07/2025 | Book - Borrowing | ||||||||
| Dewey Decimal Classification | Baccah | Central Library | Central Library | Lower Floor | 13/06/2012 | 1 | 025.04 TUR | 000026831 | 15/07/2025 | Book - Borrowing | 19/03/2014 |